000 00743nam a2200253Ia 4500
005 20250425162217.0
008 250425s9999 xx 000 0 und d
020 _a8428328854
041 _aspa
043 _asp
082 _a642.56
_pTAB
100 _aTablado, Carlos Felipe
245 0 _aManual de higiene y seguridad alimentaria en hostelería
_cCarlos Felipe Tablado y Jesús Felipe Gallego
250 _aPrimera edición
260 _aMadrid
_bThomson
_c2004
300 _a754 páginas
_bilustraciones
_c24 cm.
650 _aRestaurantes, cafeterías
650 _aServicios alimentarios
650 _aServicios de restauración
700 _aGallego, Jesús Felipe
902 _cImpreso
942 _c01
010 _a56810
999 _c224573
_d224573